000 00277nam a2200121Ia 4500
008 151213s9999 xx 000 0 und d
245 _aMathematics
260 _aCalifornia
_bMc Graw Hill
_c-
300 _a2073 p.
650 _aMathematic
650 _aMathematic
999 _c1524
_d1524